[Event "Llinars del Valles op-B 13th"]
[Site "Llinars del Valles"]
[Date "2019.05.04"]
[Round "4"]
[White "Lobo Pereira, Arami"]
[Black "Doblado Garcia, Asier"]
[Result "1-0"]
[WhiteElo "1467"]
[BlackElo "1270"]
[PlyCount "77"]
[EventDate "2019.03.30"]
[EventType "swiss"]
[EventRounds "8"]
[EventCountry "ESP"]
[SourceTitle "EXT 2020"]
[Source "ChessBase"]
[SourceDate "2019.10.17"]
[SourceVersion "1"]
[SourceVersionDate "2019.10.17"]
[SourceQuality "1"]

1. d4 Nf6 2. c4 g6 3. Nc3 Bg7 4. e4 d6 5. Be2 0-0 6. Be3 e5 7. d5 a5 8. g4 Na6 9. h4 Nd7 10. Qd2 f6 11. f3 Ndc5 12. 0-0-0 Bd7 13. Kb1 Rb8 14. g5 f5 15. Nh3 f4 16. Bf2 Qc8 17. Ng1 b6 18. h5 Be8 19. hxg6 Bxg6 20. Bf1 Qd7 21. Bh3 Qe7 22. Bg4 Kf7 23. Bh4 Ke8 24. a3 Kd8 25. Kc2 Qf7 26. Nb5 Ra8 27. Bf2 Rh8 28. Ne2 Bf8 29. Bh4 Be7 30. Nc1 c6 31. Nc3 Kc7 32. b3 Rad8 33. dxc6 Kxc6 34. Nd5 Bf8 35. Ne2 Kb7 36. Nec3 Rb8 37. Nb5 Ka8 38. Ra1 Nb7 39. Nxb6# 1-0

[Event "Llinars del Valles op-B 12th"]
[Site "Llinars del Valles"]
[Date "2018.06.09"]
[Round "8.17"]
[White "Doblado Garcia, Asier"]
[Black "Garcia Encinas, Jan"]
[Result "1-0"]
[WhiteElo "1078"]
[BlackElo "1469"]
[PlyCount "119"]
[EventDate "2018.04.14"]
[EventType "swiss"]
[EventRounds "8"]
[EventCountry "ESP"]
[SourceTitle "CBM 184 Extra"]
[Source "ChessBase"]
[SourceDate "2018.06.28"]
[SourceVersion "1"]
[SourceVersionDate "2018.06.28"]
[SourceQuality "1"]

1. e4 c5 2. Nf3 d6 3. d4 cxd4 4. Nxd4 Nf6 5. Nc3 a6 6. f3 e6 7. Bc4 Be7 8. Be3 Nc6 9. Qd2 Qc7 10. Bb3 b5 11. 0-0-0 Bd7 12. g4 b4 13. Na4 Na5 14. Qxb4 Rb8 15. Qc3 Qxc3 16. Nxc3 Nxb3+ 17. Nxb3 Bc6 18. Nd4 Ba8 19. h4 d5 20. g5 Nd7 21. exd5 exd5 22. Rhe1 0-0 23. Bf4 Rbe8 24. Nf5 Bc5 25. Rxe8 Rxe8 26. Nxd5 Nb6 27. Nc7 Rc8 28. Nxa6 Bf8 29. Rd3 Nd5 30. Bd2 Bb7 31. Ba5 Nf4 32. Rd8 Rxd8 33. Bxd8 Bxa6 34. a4 Bb7 35. Bc7 Ng2 36. h5 Bxf3 37. h6 g6 38. Nd4 Bb7 39. Ba5 Ne3 40. Bd2 Nc4 41. Bf4 Bc8 42. Nb5 Bb4 43. c3 Be7 44. b3 Na5 45. Kb2 Kf8 46. Nd4 f6 47. gxf6 Bxf6 48. Nf3 Ke8 49. Ng5 Kf8 50. Nxh7+ Kf7 51. Nxf6 Kxf6 52. Be5+ Kxe5 53. h7 g5 54. h8Q+ Kf4 55. Qxc8 g4 56. Qc7+ Kf3 57. Qxa5 g3 58. Qf5+ Ke3 59. Qg5+ Kf3 60. a5 1-0